Дело о монтировке балетов: "Катарина", "Камарго", "Фея кукол", "Фераморс", "Эсмеральда", "Ночь в Египте", "Млада"

Доступно только в Электронных читальных залах Найти на картеНа карте
RUSMARC
00003602nmc2a22002413x 450
001eb5c7533-2bf8-46e0-b109-b2f613a45470
00520240724104030.0
100##$a20240205l18881906k l0rusy0189 ca
1010#$arus
102##$aRU
105##$aea##
1222#$ad
2001#$aДело о монтировке балетов: "Катарина", "Камарго", "Фея кукол", "Фераморс", "Эсмеральда", "Ночь в Египте", "Млада"
$j1888 г. - 12 октября 1906 г.
215##$a75 л.
$cплан.; рис.
$d36,5х26 см
251##$cДело
300##$aМонтировочная часть
371##$aДокумент не является опубликованным и широко распространяемым
461#0$10019264ebf8-de62-4f1a-9eb4-9f22098dbbd5
$12001
$aДирекция императорских театров Министерства императорского двора
$1251
$cФонд
$1852
$j497
462#0$10011e500ace-9463-4c53-a846-ce9b635c85e3
$12001
$aДирекция императорских театров (1804-1917 гг.)
$1251
$cОпись
$1852
$j18
801#0$aRU
$bРГИА
$c20240205
$gRCR
801#1$aRU
$bГлавНИВЦ
$c20240205
$2rusmarc
801#2$aRU
$bПБ им. Б.Н. Ельцина
$c20240724
$gRCR
$2rusmarc
850##$aРГИА
852##$aРГИА
$eФедеральное казенное учреждение "Российский государственный исторический архив" (РГИА)
$j611
937##$hРГИА
$d12411140
$aASBIBLIO_SCAN
035##$aRusGRCC00073685
856##$uhttp://readingroom.main.prlib.ru/item.aspx?id_node=n193112776&mode=full
Формат отображения